Oeuvres Complètes

I tiakina i:
Ngā taipitopito rārangi puna kōrero
Kaituhi matua: Plinio Segundo, Cayo (Author)
Hōputu: Pukapuka
Reo:Rātini
Wīwī
I whakaputaina: París Chez Firmin Didot et Cie 1877
Putanga:1a. ed
Rangatū:Collection des Auteurs Latins, 15-16
Ngā marau:
Ngā Tūtohu: Tāpirihia he Tūtohu
Kāore He Tūtohu, Me noho koe te mea tuatahi ki te tūtohu i tēnei pūkete!

MARC

LEADER 00000nam a2200000 a 4500
001 UCJ8511
003 CL-VaPUC
008 070124e18770000FR |||||||||||||||||lat|d
041 0 7 |a lat  |2 CL-VaPUC 
041 0 7 |a fre  |2 CL-VaPUC 
082 0 4 |a 870  |b PLI  |2 21 
100 0 |a Plinio Segundo, Cayo  |e author  |9 517279 
245 1 0 |a Oeuvres Complètes 
250 |a 1a. ed 
300 |a 2 v 
942 |c BK 
945 |d 20070124 00:00:00  |a rinostro 
260 |a París  |b Chez Firmin Didot et Cie  |c 1877 
500 |a Ex libris de Blanca Vergara Errázuriz, descendiente de los Vergara que fundaron la ciudad de Viña del Mar 
600 0 7 |a VERGARA ERRAZURIZ, BLANCA  |2 CL-VaPUC  |9 517280 
650 7 |a CLASICOS LATINOS  |2 CL-VaPUC  |9 505304 
650 7 |a BIOGRAFIA  |2 CL-VaPUC  |9 504622 
650 7 |a EX LIBRIS  |2 CL-VaPUC  |9 505186 
583 |a last modification  |c 20190801 09:37:15  |k Rodrigo Vera 
490 0 |a Collection des Auteurs Latins, 15-16 
999 |c 324196  |d 324194 
952 |0 0  |1 0  |4 0  |6 870_000000000000000_PLI_1877  |7 0  |8 X  |9 404163  |a FDOBUD  |b FDOBUD  |d 2019-11-22  |h v.1  |i 1079042  |o 870 PLI 1877  |p 1079042  |r 2019-11-22  |w 2019-11-22  |y BK_X  |k BUD 
952 |0 0  |1 0  |4 0  |6 870_000000000000000_PLI_1877  |7 0  |8 X  |9 404164  |a FDOBUD  |b FDOBUD  |d 2019-11-22  |h v.2  |i 1079050  |o 870 PLI 1877  |p 1079050  |r 2019-11-22  |w 2019-11-22  |y BK_X  |k BUD